Statistiche per La maggior parte delle città visitate in Europa per immagine

Clicka qui per fare il quiz!

Statistiche generali

  • Questo quiz è stato fatto 252 volte
  • Il punteggio medio è 8 su 13

Statistiche sulle risposte

Risposta% Corretto
Parigi
100%
Londra
99%
Milan
97%
Berlino
89%
Roma
89%
Amsterdam
72%
Madrid
70%
Praga
67%
Istanbul
59%
Vienna
47%
Dublino
25%
Barcelona
11%
Munich
5%

Distribuzione punteggi

Percentile per numero di risposta

Percentuale di utenti per punteggio

I tuoi punteggi nel tempo

Non hai fatto questo quiz